Officiating and coaching (Record no. 394128)

MARC details
000 -LEADER
fixed length control field 00500 a2200205 4500
005 - DATE & TIME
control field 20260214111114.0
008 - FIXED-LENGTH DATA ELEMENTS--GENERAL INFORMATION
fixed length control field 260212b |||||||| |||| 00| 0 eng d
020 ## - ISBN
International Standard Book Number 9789391542757
Price Rs. 995.00
040 ## - CATALOGING SOURCE
Original cataloging agency VIVEKANANDA LIBRARY
082 ## - DDC NUMBER
Classification number 796.027
Book Number U30
100 ## - MAIN ENTRY--PERSONAL NAME
Personal name Upadhye, Jyoti A
110 ## - MAIN ENTRY--CORPORATE NAME
Corporate name
245 ## - TITLE STATEMENT
Title Officiating and coaching
260 ## - PUBLICATION, DISTRIBUTION, ETC. (IMPRINT)
Name of publisher, distributor, etc Current Publications
Date of publication, distribution, etc 2024
Place of publication, distribution, etc Agra
300 ## - PHYSICAL DESCRIPTION
Pages vii, 278
650 ## - Subject
Subject Physical Education
650 ## - Subject
Subject Athletic
650 ## - Subject
Subject Sports
942 ## - ADDED ENTRY ELEMENTS (KOHA)
Koha item type Books
Holdings
Withdrawn status Lost status Source of classification or shelving scheme Damaged status Not for loan Location (home branch) Sublocation or collection (holding branch) Shelving location Date acquired Koha issues (times borrowed) Koha full call number Accession No. Koha date last seen Koha item type
    Dewey Decimal Classification     VIVEKANANDA LIBRARY VIVEKANANDA LIBRARY Vivekananda Library 27/01/2026   796.027 U30 444266 27/01/2026 Books
© Designed and Maintained by Vivekananda Library, MDU Rohtak